Hỗ trợ kỹ thuật cho lập trình hệ thống

Nội dung giới thiệu các vector ngắt của DOS, các chức năng của DOS, thông tin hỗ trợ DOS, các bộ điều khiển thiết bị device drivers, bộ quản lý vùng nhớ khuyếch trương...

Na minha lista:
Detalhes bibliográficos
Autor principal: Nguyễn, Lê Tín
Formato: Livro
Idioma:Undetermined
Publicado em: Đà Nẵng Nhà xuất bản Đà Nẵng 1997
Assuntos:
Tags: Adicionar Tag
Sem tags, seja o primeiro a adicionar uma tag!
Thư viện lưu trữ: Trung tâm Học liệu Trường Đại học Cần Thơ
LEADER 00908nam a2200205Ia 4500
001 CTU_27541
008 210402s9999 xx 000 0 und d
020 |b 40.000đ 
082 |a 005.3682 
082 |b T311 
100 |a Nguyễn, Lê Tín 
245 0 |a Hỗ trợ kỹ thuật cho lập trình hệ thống 
245 0 |c Nguyễn Lê Tín 
260 |a Đà Nẵng 
260 |b Nhà xuất bản Đà Nẵng 
260 |c 1997 
520 |a Nội dung giới thiệu các vector ngắt của DOS, các chức năng của DOS, thông tin hỗ trợ DOS, các bộ điều khiển thiết bị device drivers, bộ quản lý vùng nhớ khuyếch trương... 
650 |a DOS ( computer program language ),Systems programming ( computer science ) 
904 |i Minh, Qhieu 
980 |a Trung tâm Học liệu Trường Đại học Cần Thơ